Interpreting Characters: The Heart of the Story (Record no. 24925)

MARC details
000 -LEADER
fixed length control field 00510nam a22001817a 4500
003 - CONTROL NUMBER IDENTIFIER
control field OSt
005 - DATE AND TIME OF LATEST TRANSACTION
control field 20260619122410.0
008 - FIXED-LENGTH DATA ELEMENTS--GENERAL INFORMATION
fixed length control field 260619b |||||||| |||| 00| 0 eng d
020 ## - INTERNATIONAL STANDARD BOOK NUMBER
International Standard Book Number 9780325077154
040 ## - CATALOGING SOURCE
Transcribing agency Chuka University Library
050 ## - LIBRARY OF CONGRESS CALL NUMBER
Classification number LB 1573
Item number .C35 2015
100 ## - MAIN ENTRY--PERSONAL NAME
Personal name Calkins,Lucy
9 (RLIN) 27666
245 ## - TITLE STATEMENT
Title Interpreting Characters: The Heart of the Story
260 ## - PUBLICATION, DISTRIBUTION, ETC.
Place of publication, distribution, etc. Portsmouth
Name of publisher, distributor, etc. Heinemann
Date of publication, distribution, etc. 2015
300 ## - PHYSICAL DESCRIPTION
Extent various pages
Other physical details Illustrated
650 ## - SUBJECT ADDED ENTRY--TOPICAL TERM
Topical term or geographic name entry element Reading [Elementary]
942 ## - ADDED ENTRY ELEMENTS (KOHA)
Source of classification or shelving scheme Library of Congress Classification
Koha item type Long Loan Books
Suppress in OPAC No
Holdings
Withdrawn status Lost status Source of classification or shelving scheme Damaged status Not for loan Collection Home library Current library Shelving location Date acquired Source of acquisition Cost, normal purchase price Total Checkouts Full call number Barcode Date last seen Copy number Price effective from Koha item type
    Library of Congress Classification     General Collection Books Main Campus Library Main Campus Library General Stacks 19/06/2026 Donation from books of Africa 2439.39   LB 1573 .C35 2015 35684/2026 19/06/2026 5 19/06/2026 Long Loan Books
    Library of Congress Classification     General Collection Books Main Campus Library Main Campus Library General Stacks 19/06/2026 Donation from books of Africa 2439.39   LB 1573 .C35 2015 35677/2026 19/06/2026 6 19/06/2026 Long Loan Books
    Library of Congress Classification     General Collection Books Main Campus Library Main Campus Library General Stacks 19/06/2026 Donation from books of Africa 2439.39   LB 1573 .C35 2015 35682/2026 19/06/2026 4 19/06/2026 Long Loan Books
    Library of Congress Classification     General Collection Books Main Campus Library Main Campus Library General Stacks 19/06/2026 Donation from books of Africa 2439.39   LB 1573 .C35 2015 35683/2026 19/06/2026 2 19/06/2026 Long Loan Books
    Library of Congress Classification     General Collection Books Main Campus Library Main Campus Library General Stacks 19/06/2026 Donation from books of Africa 2439.39   LB 1573 .C35 2015 35678/2026 19/06/2026 3 19/06/2026 Long Loan Books
    Library of Congress Classification     General Collection Books Main Campus Library Main Campus Library General Stacks 19/06/2026 Donation from books of Africa 2439.39   LB 1573 .C35 2015 35679/2026 19/06/2026 1 19/06/2026 Long Loan Books
    Library of Congress Classification     General Collection Books Main Campus Library Main Campus Library General Stacks 19/06/2026 Donation from books of Africa 2439.39   LB 1573 .C35 2015 35680/2026 19/06/2026 8 19/06/2026 Long Loan Books
    Library of Congress Classification     General Collection Books Main Campus Library Main Campus Library General Stacks 19/06/2026 Donation from books of Africa 2439.39   LB 1573 .C35 2015 35681/2026 19/06/2026 7 19/06/2026 Long Loan Books

Powered by Koha